Currys Group Plc v Martin (Record no. 62204)

MARC details
000 -LEADER
fixed length control field 00818cam a2200181 4500
001 - CONTROL NUMBER
control field X103557
008 - FIXED-LENGTH DATA ELEMENTS--GENERAL INFORMATION
fixed length control field 000000n2000 000 0 eng u
035 ## - SYSTEM CONTROL NUMBER
System control number (Sirsi) u103557
245 ## - TITLE STATEMENT
Title Currys Group Plc v Martin
260 ## - PUBLICATION, DISTRIBUTION, ETC.
Date of publication, distribution, etc. 2000
490 ## - SERIES STATEMENT
Series statement New Property Cases
Volume/sequential designation [1999] NPC 116
520 ## - SUMMARY, ETC.
Summary, etc. QBD 28 September 1999. Landlord and tenant. Rent review. Headline rents. Expert not guilty of negligently determining a rent review even although the result is a denial of an open market rent. Expert sought and received counsel's advice. Expert behaved as a reasonably competent valuer would have done. TAKEN FROM JOURNAL HEADNOTE. NO PHOTOCOPYING ALLOWED.
650 ## - SUBJECT ADDED ENTRY--TOPICAL TERM
Topical term or geographic name entry element CURRYS GROUP PLC V MARTIN
650 ## - SUBJECT ADDED ENTRY--TOPICAL TERM
Topical term or geographic name entry element NEGLIGENCE
650 ## - SUBJECT ADDED ENTRY--TOPICAL TERM
Topical term or geographic name entry element OPEN MARKET RENTS
690 ## - LOCAL SUBJECT ADDED ENTRY--TOPICAL TERM (OCLC, RLIN)
Topical term or geographic name as entry element LANDLORD AND TENANT-RENT REVIEWS
942 ## - ADDED ENTRY ELEMENTS (KOHA)
Suppress in OPAC 0
Holdings
Withdrawn status Lost status Source of classification or shelving scheme Damaged status Not for loan Home library Current library Shelving location Date acquired Total Checkouts Full call number Barcode Date last seen Copy number Price effective from Koha item type
    Dewey Decimal Classification     London London Journal article 13/01/2000   X103557 103557-1001 06/08/2019 1 06/08/2019 Law report